000 08694nam a22006857a 4500
005 2010072907447.0
010 _aHIN-89766 B-442477-511
020 _a9788121614726
_c135.00
035 _aHN-62112
035 _aB-442477-511
037 _bDBAD / PUB
037 _bआर.बी.सी.
082 _a
100 _aप्रेमचंद
_91372
245 _aप्रेमचंद की यादगारी कहानियां /
_cप्रेमचंद; तेजपाल सिंह धामा द्वारा संपादित
246 _aPremchand ki yaadgari Kahaniyan
_bby Premchand
260 _aनई दिल्ली
_bहिन्द पॉकेट बुक्स
_c2010
270 _aजे-40, जोरबाग लेन
_bनई दिल्ली
_e110003
300 _a208पृ
_c18सेमी (अजिल्द)
650 _aलघु कथाएँ, हिन्दी
_91169
700 _92266
_aधामा, तेजपाल सिंह
942 _2ddc
_cHN
_h
_mप्रेमचं
999 _c38144
_d38144